[Event "46th Sparkassen Open"]
[Site "Dortmund GER"]
[Date "2018.07.19"]
[Round "6.18"]
[White "Fuhlrott, Tim"]
[Black "Irkilmez, Yakub"]
[Result "1/2-1/2"]
[WhiteElo "1958"]
[BlackElo "2126"]
[WhiteFideId "16222431"]
[BlackFideId "16204581"]
[EventDate "2018.07.14"]

1. e4 e6 2. d4 d5 3. Nd2 c5 4. exd5 exd5 5. Ngf3 Nf6 6. Bb5+ Nc6 7. Qe2+ Be7 8.
dxc5 O-O 9. Nb3 Bg4 10. Be3 a5 11. Bxc6 bxc6 12. a4 Re8 13. h3 Bh5 14. O-O-O Ne4
15. g4 Bg6 16. Qf1 Rb8 17. Ne5 Bxc5 18. Nxc6 Qf6 19. Nxb8 Rxb8 20. Rxd5 Ng3 21.
fxg3 Bxe3+ 22. Kb1 Bxc2+ 23. Kxc2 Qc6+ 24. Rc5 Bxc5 25. Nxc5 Qxc5+ 26. Kb1 Qe5
27. Qg2 g6 28. Rf1 Qd4 29. Qc2 Rd8 30. Rf3 Rf8 31. Qb3 Qe4+ 32. Ka2 Qe7 33. Rf4 1/2-1/2

[Event "46th Sparkassen Open"]
[Site "Dortmund GER"]
[Date "2018.07.19"]
[Round "6.19"]
[White "Hoppe, Thilo"]
[Black "Pahl, Theis"]
[Result "1/2-1/2"]
[WhiteElo "2107"]
[BlackElo "1959"]
[WhiteFideId "16219627"]
[BlackFideId "16201264"]
[EventDate "2018.07.14"]

1. d4 Nf6 2. c4 g6 3. Nc3 Bg7 4. e4 O-O 5. f3 d6 6. Be3 c5 7. dxc5 dxc5 8. Qxd8
Rxd8 9. Bxc5 Nc6 10. Nd5 Nd7 11. Nxe7+ Nxe7 12. Bxe7 Bxb2 13. Rb1 Bc3+ 14. Kf2
Bd4+ 15. Kg3 Re8 16. Bg5 h6 17. Ne2 Be5+ 18. Bf4 b6 19. Bxe5 Nxe5 20. Nc3 Be6
21. Nd5 Red8 22. Be2 Kg7 23. f4 Nc6 24. Nc7 Rac8 25. Nxe6+ fxe6 26. Rhd1 Nd4 27.
Bd3 Rc5 28. Kf2 e5 29. fxe5 Kf7 30. Rb2 Nc6 31. Rbd2 Nxe5 32. Be2 Rxd2 33. Rxd2
Ke6 34. Rd5 Nc6 35. Ke3 Ra5 36. Bg4+ Ke7 37. Rxa5 Nxa5 38. Be2 Kd6 39. Kf4 Nc6
40. h4 a5 41. g4 Ke6 42. g5 h5 43. Bd1 Ne5 44. Ba4 Kd6 45. Be8 Nd3+ 46. Ke3 Ne5
47. Bb5 Kc5 48. Kf4 Nd3+ 1/2-1/2

[Event "46th Sparkassen Open"]
[Site "Dortmund GER"]
[Date "2018.07.19"]
[Round "6.20"]
[White "Schroeder, Joerg"]
[Black "Naidich, Vasily"]
[Result "1-0"]
[WhiteElo "1970"]
[BlackElo "2088"]
[WhiteFideId "24635677"]
[BlackFideId "13901281"]
[EventDate "2018.07.14"]

1. Nf3 d5 2. e3 Nf6 3. c4 e6 4. b3 Be7 5. Bb2 Nbd7 6. Be2 b6 7. Qc2 Bb7 8. cxd5
exd5 9. Nd4 c5 10. Nf5 O-O 11. Rg1 Re8 12. g4 Bf8 13. g5 Ne4 14. Nh6+ gxh6 15.
gxh6+ Ng5 16. Qf5 Bxh6 17. h4 d4 18. hxg5 Re5 19. gxh6+ Kf8 20. Qxh7 Ke7 21. Na3
Nf6 22. Qg7 Rf5 23. Rg5 Qd7 24. Rxf5 Qxf5 25. Qg3 Rd8 26. O-O-O Ne4 27. Qh4+ f6
28. Rg1 dxe3 29. dxe3 Rd2 30. Bxf6+ Kd6 31. Nc4+ 1-0

[Event "46th Sparkassen Open"]
[Site "Dortmund GER"]
[Date "2018.07.19"]
[Round "6.22"]
[White "Ball, Joerg"]
[Black "Oltmanns, Jan"]
[Result "1/2-1/2"]
[WhiteElo "1973"]
[BlackElo "1959"]
[WhiteFideId "4685172"]
[BlackFideId "16251318"]
[EventDate "2018.07.14"]

1. e4 Nf6 2. e5 Nd5 3. c4 Nb6 4. d4 d6 5. exd6 exd6 6. Nc3 Nc6 7. h3 Bf5 8. Bf4
Be7 9. Nf3 Bf6 10. Be2 O-O 11. O-O d5 12. c5 Nc4 13. Bxc4 dxc4 14. Nb5 a6 15.
Nxc7 Rc8 16. d5 Rxc7 17. Bxc7 Qxc7 18. dxc6 Bxb2 19. Qa4 Bd3 20. Rab1 c3 21. Nd4
bxc6 22. Nc2 Qe5 23. Rfe1 Qf5 24. Nd4 Qg6 25. Nxc6 Kh8 26. Ne5 Qf5 27. Nxd3 Qxd3
28. Rbd1 Qb5 1/2-1/2

[Event "46th Sparkassen Open"]
[Site "Dortmund GER"]
[Date "2018.07.19"]
[Round "6.23"]
[White "Elier, Ali"]
[Black "Homfeldt, Christopher"]
[Result "1/2-1/2"]
[WhiteElo "1888"]
[BlackElo "1818"]
[WhiteFideId "16217543"]
[BlackFideId "16220293"]
[EventDate "2018.07.14"]

1. e4 c5 2. d4 cxd4 3. c3 d5 4. exd5 Nf6 5. Qa4+ Nbd7 6. Qxd4 Nb6 7. c4 e6 8.
Qe3 Qc7 9. Nc3 Bb4 10. Qg5 exd5 11. Qxg7 Qe5+ 12. Kd1 Qd4+ 13. Bd2 Rg8 14. Qh6
Ng4 15. Nf3 Nxf2+ 16. Ke2 Bg4 17. Be3 Bxf3+ 18. Kxf2 Qe5 19. gxf3 O-O-O 20. Bh3+
f5 21. f4 Qc7 22. Nb5 d4 23. Nxc7 dxe3+ 24. Kxe3 Nxc4+ 25. Kf2 Rd2+ 26. Kf3 Rd3+
27. Ke2 Rd2+ 28. Kf3 Rd3+ 1/2-1/2

[Event "46th Sparkassen Open"]
[Site "Dortmund GER"]
[Date "2018.07.19"]
[Round "6.24"]
[White "Alghawi, Abdullah"]
[Black "Buechle, Manfred"]
[Result "1-0"]
[WhiteElo "1916"]
[BlackElo "2037"]
[WhiteFideId "16259254"]
[BlackFideId "4659368"]
[EventDate "2018.07.14"]

1. e4 c5 2. Nf3 Nc6 3. d4 cxd4 4. Nxd4 Nf6 5. Nc3 d6 6. Bg5 e6 7. Qd2 Be7 8.
O-O-O a6 9. Bxf6 gxf6 10. f4 Bd7 11. Kb1 Rc8 12. Be2 b5 13. Bh5 Nxd4 14. Qxd4
Rc4 15. Qd3 Qc7 16. f5 O-O 17. Rhf1 b4 18. Ne2 Bb5 19. Nd4 Rxd4 20. Qxd4 Bxf1
21. Rxf1 Rc8 22. Bd1 Qc4 23. Qf2 Qxe4 24. Re1 Qc4 25. Qg3+ Kh8 26. fxe6 fxe6 27.
Qh3 e5 28. Qd7 Qc7 29. Qf5 Rg8 30. Bf3 Qc8 31. Qd3 f5 32. Bd5 Rg4 33. Qe2 Rd4
34. Bb3 Re4 35. Qd1 Rxe1 36. Qxe1 Qc5 37. a3 bxa3 38. bxa3 Bf6 39. Qg3 Bg7 40.
Qg5 Qc7 41. Qxf5 h6 42. Qe6 Qd8 43. h4 Qf8 44. g4 e4 45. Ka2 Be5 46. g5 hxg5 47.
hxg5 Qg7 48. Qh3+ Qh7 49. Qe6 Qg7 50. Qe8+ Kh7 51. Qh5+ 1-0

[Event "46th Sparkassen Open"]
[Site "Dortmund GER"]
[Date "2018.07.19"]
[Round "6.25"]
[White "Groneberg, Joerg"]
[Black "Oezen, Alf"]
[Result "1-0"]
[WhiteElo "2034"]
[BlackElo "1911"]
[WhiteFideId "12941638"]
[BlackFideId "12985430"]
[EventDate "2018.07.14"]

1. Nf3 d5 2. d4 c6 3. c4 e6 4. e3 Bd6 5. Nc3 f5 6. Be2 Nf6 7. Qb3 Nbd7 8. O-O
O-O 9. Ng5 Qe7 10. f4 Ne4 11. Nf3 Kh8 12. Bd2 Nxd2 13. Nxd2 Nf6 14. Rae1 Rb8 15.
Qc2 Bd7 16. c5 Bc7 17. Qa4 Rg8 18. Nf3 Be8 19. Qxa7 g5 20. Nxg5 h6 21. Nf3 Qg7
22. Nh4 Ng4 23. Rf3 Bxf4 24. Rxf4 Nxe3 25. Qxb8 Nxg2 26. Kh1 Nxh4 27. Qe5 Qxe5
28. dxe5 Ng2 29. Ref1 Nxf4 30. Rxf4 b6 31. cxb6 c5 32. Na4 c4 33. Nc5 d4 34.
Nxe6 d3 35. Bf3 Bf7 36. Nc5 Rd8 37. e6 Be8 38. e7 Rd6 39. b7 Rb6 40. Rxc4 d2 41.
Rd4 Rxb2 42. Nb3 1-0

[Event "46th Sparkassen Open"]
[Site "Dortmund GER"]
[Date "2018.07.20"]
[Round "7.1"]
[White "Nalbandian, Tigran"]
[Black "Hausrath, Daniel"]
[Result "1/2-1/2"]
[WhiteTitle "GM"]
[BlackTitle "GM"]
[WhiteElo "2452"]
[BlackElo "2495"]
[WhiteFideId "13300245"]
[BlackFideId "4617495"]
[EventDate "2018.07.14"]

1. Nf3 c5 2. g3 g6 3. Bg2 Bg7 4. O-O Nc6 5. c3 Nf6 6. d4 cxd4 7. cxd4 d5 8. Nc3
O-O 9. Ne5 e6 10. Nxc6 bxc6 11. Bf4 Nd7 12. Rc1 1/2-1/2

[Event "46th Sparkassen Open"]
[Site "Dortmund GER"]
[Date "2018.07.20"]
[Round "7.2"]
[White "Kashlinskaya, Alina"]
[Black "Kartsev, Soel"]
[Result "1-0"]
[WhiteTitle "IM"]
[WhiteElo "2435"]
[BlackElo "2222"]
[WhiteFideId "4198026"]
[BlackFideId "4130561"]
[EventDate "2018.07.14"]

1. e4 c5 2. c3 d5 3. exd5 Qxd5 4. d4 Nc6 5. Nf3 cxd4 6. cxd4 e5 7. Nc3 Bb4 8.
Bd2 Bxc3 9. Bxc3 e4 10. Ne5 Nxe5 11. dxe5 Ne7 12. Be2 O-O 13. O-O Be6 14. Qc1
Rfd8 15. Qg5 Qc5 16. Rac1 Nd5 17. Rfd1 Qb6 18. Bd4 Qa5 19. Qh4 Rac8 20. Rxc8
Rxc8 21. Qxe4 Qxa2 22. f4 g6 23. g4 Ne7 24. Qxb7 Nd5 25. Rf1 Rc2 26. f5 Bc8 27.
Qb5 Rxe2 28. Qxe2 Ba6 29. Qc2 Bxf1 30. Qc8+ Kg7 31. e6+ Kh6 32. g5+ 1-0

[Event "46th Sparkassen Open"]
[Site "Dortmund GER"]
[Date "2018.07.20"]
[Round "7.3"]
[White "Schulz, Daniel"]
[Black "Liedmann, Dennis"]
[Result "1-0"]
[WhiteElo "2078"]
[BlackElo "2088"]
[WhiteFideId "12960349"]
[BlackFideId "24671312"]
[EventDate "2018.07.14"]

1. d4 Nf6 2. c4 c5 3. d5 b5 4. cxb5 a6 5. bxa6 e6 6. dxe6 fxe6 7. e3 Be7 8. Nf3
O-O 9. Be2 Bxa6 10. O-O Bb7 11. b3 Nc6 12. Bb2 d5 13. Nbd2 Qb8 14. Qc2 e5 15. e4
Nxe4 16. Nxe4 dxe4 17. Nd2 Nd4 18. Bxd4 cxd4 19. Nxe4 Kh8 20. Bc4 Rf4 21. f3 Ra3
22. Rfe1 g6 23. Re2 Qa7 24. Kh1 Rf8 25. Nd2 Bg5 26. Nb1 Ra5 27. a4 Rxf3 28. gxf3
Bxf3+ 29. Rg2 e4 30. Nd2 Bxd2 31. Qxd2 e3 32. Qb4 Bxg2+ 33. Kxg2 Qa8+ 34. Kf1
Rf5+ 35. Ke2 Qf3+ 36. Kd3 e2+ 37. Kc2 Qe3 38. Qd2 Qe4+ 39. Bd3 Qc6+ 40. Kb2 1-0

[Event "46th Sparkassen Open"]
[Site "Dortmund GER"]
[Date "2018.07.20"]
[Round "7.4"]
[White "Nalbandyan, Vahan"]
[Black "Zatonskih, V."]
[Result "1/2-1/2"]
[BlackTitle "FM"]
[WhiteElo "1848"]
[BlackElo "2323"]
[WhiteFideId "13309439"]
[BlackFideId "14102161"]
[EventDate "2018.07.14"]

1. Nf3 c5 2. g3 d5 3. Bg2 f6 4. d4 cxd4 5. Nxd4 e5 6. Nb3 Ne7 7. O-O Nbc6 8. e4
dxe4 9. Qxd8+ Nxd8 10. Bxe4 Bf5 11. N1d2 Bxe4 12. Nxe4 Nec6 13. Rd1 Ne6 1/2-1/2

[Event "46th Sparkassen Open"]
[Site "Dortmund GER"]
[Date "2018.07.20"]
[Round "7.5"]
[White "Webb, Laurence E"]
[Black "Boehm, Juergen2"]
[Result "1-0"]
[WhiteTitle "FM"]
[WhiteElo "2306"]
[BlackElo "2233"]
[WhiteFideId "402389"]
[BlackFideId "4606434"]
[EventDate "2018.07.14"]

1. e4 e6 2. d4 d5 3. e5 c5 4. c3 Qb6 5. Nf3 Nc6 6. a3 c4 7. g3 Na5 8. Nbd2 Bd7
9. h4 O-O-O 10. Bh3 f5 11. Ng5 Nh6 12. Bg2 Be7 13. Rb1 Nb3 14. Nxb3 Ba4 15. Nh3
Nf7 16. Be3 Bxb3 17. Qd2 Kb8 18. Bf3 Ka8 19. Ke2 g6 20. g4 fxg4 21. Bxg4 h5 22.
Bf3 Bxh4 23. Rbg1 Rhg8 24. Nf4 Bg5 25. Nxd5 exd5 26. Bxg5 Nxg5 27. Rxg5 Ba4 28.
Rhg1 Qe6 29. Qf4 Bc2 30. Qf6 Rge8 31. Qxe6 Rxe6 32. Kd2 Bd3 33. Be2 Be4 34. Ke3
b5 35. f3 Bc2 36. f4 Kb7 37. f5 Bxf5 38. Bxh5 Rh8 39. Bxg6 Bxg6 40. Rxg6 Rxg6
41. Rxg6 Rh2 42. Rd6 Rxb2 43. Rxd5 Kc6 44. Rd6+ Kc7 45. d5 Rb3 46. Kd4 Rxa3 47.
Rc6+ Kd8 48. e6 1-0

[Event "46th Sparkassen Open"]
[Site "Dortmund GER"]
[Date "2018.07.20"]
[Round "7.6"]
[White "Wagner, Alexej"]
[Black "Savchenko, Daniel"]
[Result "1-0"]
[WhiteElo "2313"]
[BlackElo "2165"]
[WhiteFideId "4129555"]
[BlackFideId "12919195"]
[EventDate "2018.07.14"]

1. d4 d5 2. c4 e6 3. Nc3 Be7 4. cxd5 exd5 5. Bf4 Nf6 6. Qc2 c6 7. e3 Nh5 8. Be5
Nd7 9. Be2 Nhf6 10. Bf4 Nf8 11. h3 Ng6 12. Bg3 Bd6 13. Bxd6 Qxd6 14. Nf3 O-O 15.
O-O-O b5 16. Bd3 Re8 17. g4 Be6 18. Kb1 a6 19. g5 Ne4 20. Nxe4 dxe4 21. Bxe4
Rac8 22. Rc1 Bc4 23. Nd2 Bd5 24. h4 Nf8 25. f3 Nd7 26. Bxd5 Qxd5 27. Ne4 Nb6 28.
Qc5 Nc4 29. b3 Nxe3 30. Nd6 Qxf3 31. Nxc8 Rxc8 32. Qe5 Nd5 33. Rhf1 Qd3+ 34. Ka1
Ne3 35. Rfe1 1-0

[Event "46th Sparkassen Open"]
[Site "Dortmund GER"]
[Date "2018.07.20"]
[Round "7.7"]
[White "Luft, Dennis"]
[Black "Biermann, Lenhard"]
[Result "0-1"]
[WhiteElo "2322"]
[BlackElo "2051"]
[WhiteFideId "24623717"]
[BlackFideId "12970077"]
[EventDate "2018.07.14"]

1. e4 e6 2. d4 d5 3. Nd2 h6 4. Ngf3 Nf6 5. e5 Nfd7 6. Bd3 c5 7. c3 Nc6 8. O-O g5
9. dxc5 Bxc5 10. Bb5 g4 11. Nd4 Ncxe5 12. Re1 Qf6 13. Qe2 Bd6 14. c4 O-O 15.
cxd5 exd5 16. Nf1 Nc5 17. Qe3 Ne4 18. Ng3 Bc5 19. Nxe4 dxe4 20. Qxe4 Bxd4 21.
Kh1 Ng6 22. Bxh6 Bf5 23. Qxb7 Rfb8 24. Qd5 Rd8 25. Qb3 Rab8 26. Qa4 Nh4 27. Bf4
Rbc8 28. Bg3 Bc2 29. Qa6 Ng6 30. Rac1 Bxb2 31. Qxf6 Bxf6 32. Ba6 Rc3 33. h3 gxh3
34. gxh3 Nh4 35. Bxh4 Bxh4 36. Kg2 Rd2 37. Re2 Rxe2 38. Bxe2 Bf6 39. Bg4 Be4+
40. Kg1 Bd4 41. Kh2 Kg7 42. Bd7 Kf6 43. h4 Bf5 44. Rd1 Rh3+ 0-1

[Event "46th Sparkassen Open"]
[Site "Dortmund GER"]
[Date "2018.07.20"]
[Round "7.8"]
[White "Jugelt, Tobias"]
[Black "Biermann, Florian"]
[Result "1-0"]
[WhiteTitle "IM"]
[WhiteElo "2417"]
[BlackElo "2004"]
[WhiteFideId "4626150"]
[BlackFideId "12970069"]
[EventDate "2018.07.14"]

1. d4 Nf6 2. g3 g6 3. Bg2 Bg7 4. e4 d6 5. Nc3 O-O 6. Nge2 e5 7. h3 Nbd7 8. O-O
Re8 9. Be3 c6 10. a4 Qc7 11. Re1 exd4 12. Bxd4 Nc5 13. Nf4 Ne6 14. Be3 a5 15.
Qd2 Nc5 16. f3 Be6 17. Rad1 Rad8 18. Qf2 Nfd7 19. Nxe6 Rxe6 20. Qd2 Ne5 21. b3
Ree8 22. Bd4 Ne6 23. Bf2 Nc5 24. Re2 b6 25. Qe1 Ned7 26. Re3 Nb8 27. Bf1 Nba6
28. Bc4 Nb4 29. Re2 Be5 30. Kg2 h5 31. Nb1 h4 32. f4 Bg7 33. c3 Nba6 34. b4 axb4
35. cxb4 Nxa4 36. Bxa6 b5 37. Rc1 Qd7 38. Rec2 d5 39. Rxc6 hxg3 40. Bxg3 Rxe4
41. Qf1 d4 42. Qxb5 1-0

[Event "46th Sparkassen Open"]
[Site "Dortmund GER"]
[Date "2018.07.20"]
[Round "7.9"]
[White "Gallasch, Jonas"]
[Black "Quast, Marcel"]
[Result "1/2-1/2"]
[WhiteElo "1903"]
[BlackElo "2247"]
[WhiteFideId "16222474"]
[BlackFideId "24663476"]
[EventDate "2018.07.14"]

1. d4 Nf6 2. c4 c5 3. d5 b5 4. a4 Qa5+ 5. Bd2 b4 6. g3 d6 7. Bg2 g6 8. e4 Bg7 9.
Ra2 O-O 10. Ne2 Bb7 11. O-O Nbd7 12. b3 Qc7 13. Bc1 e6 14. Re1 exd5 15. exd5
Rae8 16. Nf4 Rxe1+ 17. Qxe1 Ne5 18. Re2 Bc8 19. Bb2 Nfg4 20. h3 Nh6 21. Nd2 Nf5
22. Ne4 Nd4 23. Bxd4 cxd4 24. Qxb4 Rd8 25. Kh1 Bf5 26. g4 Bxe4 27. Bxe4 Rb8 28.
Qa3 1/2-1/2

[Event "46th Sparkassen Open"]
[Site "Dortmund GER"]
[Date "2018.07.20"]
[Round "7.10"]
[White "Topolewski, Dirk"]
[Black "Rendboe, John Filip"]
[Result "1/2-1/2"]
[BlackTitle "FM"]
[WhiteElo "2192"]
[BlackElo "2109"]
[WhiteFideId "4651600"]
[BlackFideId "1403664"]
[EventDate "2018.07.14"]

1. d4 d5 2. Nf3 Nf6 3. e3 c5 4. Ne5 e6 5. c3 Bd6 6. Nd2 O-O 7. f4 Qc7 8. Bd3 a6
9. O-O b5 10. a3 Nbd7 11. Qf3 Bb7 12. g4 g6 13. Qh3 Ne4 14. Ndf3 f6 15. Nxd7
Qxd7 16. Qg2 Kh8 17. Bd2 Nxd2 1/2-1/2

[Event "46th Sparkassen Open"]
[Site "Dortmund GER"]
[Date "2018.07.20"]
[Round "7.11"]
[White "Melde, Benjamin"]
[Black "Boesel, Alexander"]
[Result "1/2-1/2"]
[WhiteElo "2108"]
[BlackElo "1994"]
[WhiteFideId "12958816"]
[BlackFideId "4623185"]
[EventDate "2018.07.14"]

1. Nf3 Nf6 2. g3 g6 3. Bg2 Bg7 4. O-O O-O 5. c4 d6 6. d4 Nc6 7. Nc3 a6 8. b3 Rb8
9. d5 Na5 10. Bg5 b5 11. cxb5 axb5 12. b4 Nc4 13. Nd4 Bd7 14. Qb3 Nb6 15. Rac1
Qe8 16. Rfd1 e6 17. dxe6 fxe6 18. Bh3 d5 19. e4 c6 20. Bf4 Ra8 21. Bd6 Rf7 22.
Re1 e5 23. Bxd7 Qxd7 24. Bxe5 Nc4 25. exd5 Nxd5 26. Bxg7 Kxg7 27. Nxd5 Qxd5 28.
Rcd1 Kg8 29. Qc2 Ne5 30. Qe4 Nf3+ 31. Nxf3 Qxe4 32. Rxe4 Rxf3 33. Re2 Rfa3 34.
Rd7 R3a7 35. Rxa7 Rxa7 36. Rc2 Ra4 37. Rxc6 Rxb4 38. Rb6 Ra4 39. Rxb5 Rxa2 40.
Rb7 Ra3 41. Kg2 Ra5 42. Rc7 Rb5 43. Ra7 Rc5 44. Kh3 Rh5+ 45. Kg2 Rb5 46. Rc7 Ra5
47. Rb7 Rc5 48. h3 Ra5 49. Rc7 Rb5 50. Ra7 Rc5 51. Kf3 Rf5+ 52. Kg2 Rb5 53. g4
Rc5 54. Kg3 Rb5 55. h4 Rb4 56. f3 Rc4 57. Ra5 Kg7 58. h5 Kh6 59. f4 Rb4 60. hxg6
hxg6 61. g5+ Kg7 62. Ra7+ Kg8 63. Rd7 Rb3+ 64. Kf2 Ra3 65. Ke2 Rb3 66. Rd3 Rb7
67. Ke3 Kg7 68. Rc3 Re7+ 69. Kd4 Rf7 70. Ke5 Rf5+ 71. Ke4 Rf7 72. Rc6 Re7+ 73.
Kd5 Rf7 74. Rc4 Rf5+ 75. Ke4 Rf7 76. Rc5 Re7+ 77. Re5 Rf7 78. Re6 Rf5 79. Re7+
Kg8 80. Re5 Rf7 81. f5 gxf5+ 82. Rxf5 Rxf5 1/2-1/2

[Event "46th Sparkassen Open"]
[Site "Dortmund GER"]
[Date "2018.07.20"]
[Round "7.12"]
[White "Heck, Norbert"]
[Black "Spickermann, Sven"]
[Result "1-0"]
[WhiteTitle "FM"]
[WhiteElo "2227"]
[BlackElo "2007"]
[WhiteFideId "4622928"]
[BlackFideId "16248767"]
[EventDate "2018.07.14"]

1. Nf3 d5 2. c4 e6 3. g3 Nf6 4. Bg2 c5 5. O-O Nc6 6. d4 dxc4 7. Qa4 Qb6 8. Ne5
Bd7 9. Nxd7 Nxd7 10. dxc5 Bxc5 11. Qxc4 Nde5 12. Qa4 O-O 13. Nc3 f5 14. Qb5 a6
15. Qxb6 Bxb6 16. Bf4 Nf7 17. Rfd1 Rfd8 18. Na4 Bd4 19. Bc7 Rdc8 20. Nb6 Bxb6
21. Bxb6 Rab8 22. e4 fxe4 23. Bxe4 Nfe5 24. Rac1 Ne7 25. Bc7 N7c6 26. Bxb8 Rxb8
27. f4 Ng4 28. Bxc6 bxc6 29. b3 e5 30. Rxc6 exf4 31. gxf4 Nf6 32. Rdc1 Rb4 33.
R1c4 1-0

[Event "46th Sparkassen Open"]
[Site "Dortmund GER"]
[Date "2018.07.20"]
[Round "7.13"]
[White "Borchert, Rene"]
[Black "Mroczek, Mathias"]
[Result "0-1"]
[WhiteElo "2216"]
[BlackElo "2140"]
[WhiteFideId "12990671"]
[BlackFideId "4643836"]
[EventDate "2018.07.14"]

1. e4 e6 2. d4 d5 3. exd5 exd5 4. Nf3 Bd6 5. c4 Nf6 6. Nc3 O-O 7. Bg5 dxc4 8.
Bxc4 Re8+ 9. Be2 Nbd7 10. O-O Nb6 11. Re1 c6 12. h3 h6 13. Bd2 Bf5 14. Qb3 Qd7
15. Na4 Nxa4 16. Qxa4 Bxh3 17. gxh3 Qxh3 18. Ne5 Rxe5 19. dxe5 Bxe5 20. Bf4 Qh4
21. Bf3 Bxf4 22. Qb3 Ng4 23. Re2 Ne5 24. Bg2 b6 25. Rae1 Qg5 26. Kf1 Rd8 27. Qc3
f6 28. Qa3 Rd7 29. Qb3+ Kh7 30. Qe6 Rd8 31. Qe7 Rd4 32. Re4 Rd2 33. R4e2 Rd4 34.
Be4+ Rxe4 35. Rxe4 Nf3 36. R1e3 Bxe3 37. Rxe3 Qb5+ 38. Kg2 Nh4+ 39. Kh3 Qh5 40.
Qe4+ Nf5+ 41. Kg2 Qg6+ 0-1

[Event "46th Sparkassen Open"]
[Site "Dortmund GER"]
[Date "2018.07.20"]
[Round "7.15"]
[White "Baerwolf, Steven"]
[Black "Schroeder, Joerg"]
[Result "1-0"]
[WhiteElo "2172"]
[BlackElo "1970"]
[WhiteFideId "24658634"]
[BlackFideId "24635677"]
[EventDate "2018.07.14"]

1. e4 c5 2. c3 Nf6 3. e5 Nd5 4. d4 cxd4 5. Nf3 e6 6. cxd4 d6 7. exd6 Qxd6 8. Nc3
Nxc3 9. bxc3 Qc7 10. c4 Bb4+ 11. Bd2 Qa5 12. Bd3 Bxd2+ 13. Qxd2 Qxd2+ 14. Kxd2
Nd7 15. c5 Kd8 16. Ng5 Ke7 17. Rhe1 h6 18. Ne4 Nf6 19. Nxf6 Kxf6 20. Rab1 Bd7
21. Rxb7 Bc6 22. Rc7 Bxg2 23. Be4 Bxe4 24. Rxe4 g5 25. Re3 Kg6 26. Rb3 Rhd8 27.
Ke3 Rd5 28. Rbb7 e5 29. dxe5 Rxe5+ 30. Kd4 Rf5 31. Rxa7 Rd8+ 32. Rd7 Rc8 33.
Rd6+ f6 34. c6 Rxf2 35. Kc5 Rc2+ 36. Kb6 Rb2+ 37. Ka6 Rxc6+ 38. Rxc6 Rxa2+ 39.
Kb6 Rxh2 40. Kc5 Rc2+ 41. Kd5 Rxc6 42. Kxc6 h5 43. Kd5 Kf5 44. Kd4 Kf4 45. Kd3
f5 46. Ke2 h4 47. Kf2 g4 48. Ra4+ Kg5 49. Ra5 Kg6 50. Ke3 Kg5 51. Ra8 f4+ 52.
Ke4 f3 53. Rg8+ Kh5 54. Ke3 h3 55. Kf2 h2 56. Rh8+ Kg5 57. Rxh2 Kf4 58. Rh4 Kg5
59. Kg3 f2 60. Rxg4+ Kh5 61. Rf4 1-0

[Event "46th Sparkassen Open"]
[Site "Dortmund GER"]
[Date "2018.07.20"]
[Round "7.16"]
[White "Kueppers, Timo"]
[Black "Puetter, Pascal"]
[Result "1-0"]
[WhiteElo "2178"]
[BlackElo "2002"]
[WhiteFideId "16205820"]
[BlackFideId "1271567"]
[EventDate "2018.07.14"]

1. e4 e6 2. d4 d5 3. Nd2 Nf6 4. e5 Nfd7 5. Bd3 c5 6. c3 Nc6 7. Ne2 cxd4 8. cxd4
f6 9. exf6 Nxf6 10. O-O Bd6 11. Nf3 Qc7 12. h3 O-O 13. Re1 Bd7 14. Be3 Rae8 15.
Rc1 Qd8 16. Nc3 a6 17. a3 Kh8 18. Bb1 Re7 19. Qd3 Qe8 20. Ne2 Qh5 21. Nf4 Bxf4
22. Bxf4 Ne4 23. Bh2 Rxf3 24. Qxf3 Qxf3 25. gxf3 Ng5 26. Kg2 Nxd4 27. Rc7 Ngxf3
28. Rec1 Nh4+ 29. Kh1 Nc6 30. Rxb7 Kg8 31. Bd6 Na5 32. Rxd7 1-0

[Event "46th Sparkassen Open"]
[Site "Dortmund GER"]
[Date "2018.07.20"]
[Round "7.17"]
[White "Kracht, Raphael"]
[Black "Conrad, Joachim"]
[Result "1-0"]
[WhiteElo "1900"]
[BlackElo "2078"]
[WhiteFideId "16214382"]
[BlackFideId "24623083"]
[EventDate "2018.07.14"]

1. e4 d6 2. d4 Nf6 3. Nc3 e5 4. Nf3 Nbd7 5. Bc4 Be7 6. O-O O-O 7. Re1 c6 8. a4
b6 9. Ba2 Qc7 10. h3 a6 11. Be3 Bb7 12. dxe5 Nxe5 13. Nd2 b5 14. f4 b4 15. Ne2
Ned7 16. Ng3 g6 17. Bf2 Nc5 18. Bxc5 dxc5 19. Qf3 Rad8 20. Nc4 Nd7 21. a5 Rfe8
22. e5 Bc8 23. f5 Bh4 24. fxg6 hxg6 25. Re4 Bxg3 26. Qxg3 Nf6 27. Nd6 Nxe4 28.
Qxg6+ Kf8 29. Rf1 Be6 30. Bxe6 Nxd6 31. exd6 1-0

[Event "46th Sparkassen Open"]
[Site "Dortmund GER"]
[Date "2018.07.20"]
[Round "7.18"]
[White "Wolff, Christoph"]
[Black "Heinert, Eugen"]
[Result "1-0"]
[WhiteElo "2026"]
[BlackElo "2200"]
[WhiteFideId "4648706"]
[BlackFideId "24621390"]
[EventDate "2018.07.14"]

1. e4 e6 2. d4 d5 3. exd5 exd5 4. Nf3 Nc6 5. Bb5 Bd6 6. c4 dxc4 7. d5 a6 8. Ba4
b5 9. dxc6 bxa4 10. O-O Ne7 11. Nbd2 Be6 12. Qxa4 Bd5 13. Re1 O-O 14. Nd4 Re8
15. Nxc4 Nf5 16. Be3 Nxd4 17. Nxd6 Nf3+ 18. gxf3 Qxd6 19. Qf4 Re5 20. Qg3 Rae8
21. Bd2 f6 22. h4 Bxc6 23. Bc3 Rxe1+ 24. Bxe1 Qd3 25. Bc3 Re6 26. Qg4 Bd5 27.
Re1 Rxe1+ 28. Bxe1 Bxf3 29. Qe6+ Kf8 30. Bb4+ 1-0

[Event "46th Sparkassen Open"]
[Site "Dortmund GER"]
[Date "2018.07.20"]
[Round "7.19"]
[White "Irkilmez, Yakub"]
[Black "Hoppe, Thilo"]
[Result "1/2-1/2"]
[WhiteElo "2126"]
[BlackElo "2107"]
[WhiteFideId "16204581"]
[BlackFideId "16219627"]
[EventDate "2018.07.14"]

1. d4 Nf6 2. c4 g6 3. Nc3 Bg7 4. e4 d6 5. Be2 O-O 6. g4 c5 7. d5 e6 8. g5 Nfd7
9. h4 exd5 10. cxd5 Qe7 11. Qd3 Re8 12. f3 Na6 13. h5 Ne5 14. Qd2 c4 15. h6 Bh8
16. b3 cxb3 17. axb3 Nc5 18. Rb1 a5 19. Nh3 b5 20. Nf2 b4 21. Ncd1 Ba6 22. O-O
Rac8 23. f4 Bxe2 24. Qxe2 Ned7 25. Bb2 f6 26. Qg4 fxg5 27. Bxh8 Kxh8 28. Nb2
gxf4 29. Nh3 Ne5 30. Qxf4 Rf8 31. Qg5 Qxg5+ 32. Nxg5 Kg8 33. Rbc1 Rxf1+ 34. Rxf1
Ncd3 35. Nxd3 Nxd3 36. Rf7 Rc1+ 37. Kh2 Rc2+ 38. Kg3 Ne5 39. Rg7+ Kh8 40. Rxh7+
Kg8 41. Rg7+ 1/2-1/2